McDonald's Calorie Counting Quiz Stats

 Plays Quiz Updated Nov 22, 2019

Score 0/15 Timer 03:00
0 Plays Today
% Correct
BBQ Sauce dip
77.3%
Garden Side Salad
68.6%
Big Mac®
41.4%
Strawberry McCafé Shake (22 fl oz cup)
37.1%
Premium Caesar Salad with Grilled Chicken
27.9%
Quarter Pounder® with cheese
26.7%
Coca-Cola (large)
24.6%
Apple pie
22.7%
% Correct
Cheeseburger
22.4%
McFlurry® with M&M'S®
22.4%
Frappe Mocha (large)
20.8%
French fries (large)
20%
Chicken McNuggets® (6)
17.2%
Sausage & Egg McMuffin®
15.3%
Filet-o-Fish®
15.1%

You're not logged in!

Compare scores with friends on all Sporcle quizzes.
OR
Log In

Sporcle TV

Today on Sporcle TV


Watch our educational content, quiz creation guides, and fun videos on Sporcle TV.

Show Comments

Extras

Top Quizzes Today


Score Distribution

Your Account Isn't Verified!

In order to create a playlist on Sporcle, you need to verify the email address you used during registration. Go to your Sporcle Settings to finish the process.

Report this User

Report this user for behavior that violates our Community Guidelines.

Details: